Gandhi in Indian politics / (Record no. 25955)
[ view plain ]
| 000 -LEADER | |
|---|---|
| fixed length control field | 00681nam a22002292a 4500 |
| 001 - CONTROL NUMBER | |
| control field | 25955 |
| 003 - CONTROL NUMBER IDENTIFIER | |
| rucl marc code | BD-RjUL |
| 005 - DATE AND TIME OF LATEST TRANSACTION | |
| control field | 20211209050942.0 |
| 008 - FIXED-LENGTH DATA ELEMENTS--GENERAL INFORMATION | |
| fixed length control field | 140319s1967 ii 000 0beng d |
| 035 ## - SYSTEM CONTROL NUMBER | |
| System control number | (BD-RjUL)26025 |
| 040 ## - CATALOGING SOURCE | |
| Original cataloging agency | DLC |
| Transcribing agency | VTU |
| Modifying agency | OCL |
| -- | SER |
| -- | EQO |
| -- | BD-RjUL |
| Language of cataloging | eng |
| 041 ## - LANGUAGE CODE | |
| Language code of text/sound track or separate title | eng |
| 082 ## - DEWEY DECIMAL CLASSIFICATION NUMBER | |
| Classification number | 954.0350924 |
| Author mark and year | BOG 1967 |
| 100 1# - MAIN ENTRY--PERSONAL NAME | |
| Personal name | Bose, Nirmal Kumar. |
| 9 (RLIN) | 34637 |
| 245 10 - TITLE STATEMENT | |
| Title | Gandhi in Indian politics / |
| Statement of responsibility, etc. | by Nirmal Kumar Bose and P.H. Patwardhan |
| 260 ## - PUBLICATION, DISTRIBUTION, ETC. (IMPRINT) | |
| Place of publication, distribution, etc. | Bombay : |
| Name of publisher, distributor, etc. | Lalvani, |
| Date of publication, distribution, etc. | 1967. |
| 300 ## - PHYSICAL DESCRIPTION | |
| Pagination | xvi, 93 p. ; |
| Size | 22 cm |
| 600 10 - SUBJECT ADDED ENTRY--PERSONAL NAME | |
| Personal name | Gandhi, |
| Titles and other words associated with a name | Mahatma, |
| Dates associated with a name | 1869-1948. |
| 700 1# - ADDED ENTRY--PERSONAL NAME | |
| Personal name | Patwardhan, P. H., |
| Dates associated with a name | 1903- |
| 942 ## - ADDED ENTRY ELEMENTS (KOHA) | |
| Source of classification or shelving scheme | Dewey Decimal Classification |
| Koha item type | Books |
| Lost status | Source of classification or shelving scheme | Damaged status | Not for loan | Collection code | Permanent Location | Current Location | Shelving location | Date acquired | Source of acquisition | Cost, normal purchase price | Total Checkouts | Full call number | Date last seen | Copy number | Koha item type |
|---|---|---|---|---|---|---|---|---|---|---|---|---|---|---|---|
| Dewey Decimal Classification | Added to bundle | Non-fiction | Central Library, University of Rajshahi | Central Library, University of Rajshahi | Reading Room | 04/07/1974 | India Govt Gift. | 0.00 | 954.0350924 BOG 1967 | 19/03/2014 | C-1 | Books | |||
| Dewey Decimal Classification | Non-fiction | Central Library, University of Rajshahi | Central Library, University of Rajshahi | Reading Room | 04/07/1974 | India Govt Gift. | 0.00 | 954.0350924 BOG 1967 | 19/03/2014 | C-2 | Books |